00463 2200181 4500001002100000005001500021035002000036245004400056100001800100250001100118300003700129260003600166082001000202084001600212020002200228650002000250990001100270INLIS00000000000188520250828030506 a0010-08250000241 aBeyond The Inspiration /cFelix Y Siauw0 aFelix Y Siauw acet. 2 aiii, 267 hlm :bilust ;c20,5 cm aJakarta :bAlfatih Press,c2013 a153.2 a153.2 FEL b a978-602-17997-1-0 4aInspirasi Islam a003913